00833nam a2200253 a 4500001001300000003000900013005001700022008004100039020001000080082001600090100002100106245005100127260005700178300001000235500003500245505003300280650002300313700002100336902000800357942000700365952009700372952009700469999001300566nice12345678IN_TiNIC20260116011326.0050524s1920 guta grp 000 0 ger  ac10000a297.1bSIM1 aSimon, Gottfried aDer Islamb Und Die Chrliftliche Derkundigung. aGuterslohbDrudh Unb Uerlag Von D. Bertelsmannc1920 a353p. aincludes index and biblioraphy2 aMethodist church west africa aIslam-Meccan Trade1 aSimon, Gottfried bSRS cBK 00104070aHMIbHMId0000-00-00g100.00l0o297.1 SIM1p01985r0000-00-00w2026-01-16yARB 00104070aHMIbHMId2016-08-19g100.00l0o297.1 SIM1p06930r0000-00-00w2026-01-16yARB c535d535